| 000 | 00635cab a2200205 4500 | ||
|---|---|---|---|
| 001 | WB3516-10 | ||
| 008 | 090401t1999 xxu||||| |||| 00| 0 eng d | ||
| 035 | _a(Sirsi) u93079 | ||
| 041 | _aeng | ||
| 245 | _aDes res areas | ||
| 260 | _c1999 | ||
| 350 | _a0 | ||
| 490 |
_aTimes _v30 April 1999, 5(2) |
||
| 520 | _aLatest Land Registry statistics reveal that areas such as Clerkenwell have taken over from Mayfair and Chelsea as the country's most expensive homes. Lists 10 most expensive postcodes. | ||
| 650 | _aHOUSE PRICES | ||
| 650 | _aPRIME RESIDENTIAL PROPERTY | ||
| 690 | _aHOUSING | ||
| 942 | _n0 | ||
| 948 | _c30/04/1999 | ||
| 999 |
_c58991 _d58991 |
||